[Event "Gaia Profigaia op 6th"]
[Site "Vila Nova de Gaia"]
[Date "2013.07.10"]
[Round "7.11"]
[White "Otero Nogueira, Brais"]
[Black "Amendoeira, Rui Pedro Gomes"]
[Result "1/2-1/2"]
[WhiteElo "1963"]
[BlackElo "1848"]
[PlyCount "73"]
[EventDate "2013.07.06"]
[EventType "swiss"]
[EventRounds "9"]
[EventCountry "POR"]
[SourceTitle "EXT 2015"]
[Source "ChessBase"]
[SourceDate "2014.11.20"]
[SourceVersion "1"]
[SourceVersionDate "2014.11.20"]
[SourceQuality "1"]

1. Nf3 c5 2. g3 Nf6 3. Bg2 Nc6 4. 0-0 d5 5. c4 d4 6. d3 e5 7. b4 cxb4 8. a3 Bd6 9. axb4 Nxb4 10. Ba3 Nc6 11. Nbd2 0-0 12. Qb3 Rb8 13. Rfb1 h6 14. c5 Bc7 15. Nc4 Be6 16. Qa4 Nd5 17. Qc2 Nc3 18. Rb2 e4 19. Ne1 exd3 20. Qxd3 Bxc4 21. Qxc4 Ne5 22. Qb3 Qf6 23. Bb4 Nc6 24. Nf3 Rfe8 25. Bf1 a5 26. Bxc3 dxc3 27. Rc2 b6 28. cxb6 Bxb6 29. Qxc3 Qxc3 30. Rxc3 Nd4 31. Ra2 Nxf3+ 32. Rxf3 Re5 33. Rd3 Rb7 34. Rd6 Bc5 35. Rd8+ Kh7 36. e3 Bb4 37. Bd3+ 1/2-1/2